Modern information and communication technologies in business

Maloobchodná predajňa ako cieľ zákazníkových nákupov. Zavedenie vybraných informačných a komunikačných technológií do maloobchodu. Bezkontaktné kreditné karty, platby mobilom, digitálny podpis.

Saved in:
Bibliographic Details
Main Author: Oláh, Ľuboš
Other Authors: Šveda, Lukáš, Fogašová, Veronika
Format: Book Chapter
Language:English
Subjects:
Tags: Add Tag
No Tags, Be the first to tag this record!

MARC

LEADER 00000naa$a2200000$$$4500
001 0136297
005 20240502072527.0
041 0 |a eng 
044 |a SK 
245 1 0 |a Modern information and communication technologies in business  |c Ľuboš Oláh, Lukáš Šveda, Veronika Fogašová 
520 |a Maloobchodná predajňa ako cieľ zákazníkových nákupov. Zavedenie vybraných informačných a komunikačných technológií do maloobchodu. Bezkontaktné kreditné karty, platby mobilom, digitálny podpis. 
610 2 0 |a maloobchod 
610 2 0 |a zákazníci 
610 2 0 |a technológie informačné 
610 2 0 |a technológie komunikačné 
100 1 |a Oláh, Ľuboš 
700 1 |a Šveda, Lukáš 
700 1 |a Fogašová, Veronika